LEADER 01071nas 2200349- 450 001 9910447056203321 005 20220322213019.0 011 $a2238-3026 035 $a(OCoLC)1246319449 035 $a(CKB)4100000011815557 035 $a(CONSER)--2022224315 035 $a(EXLCZ)994100000011815557 100 $a20210408a20119999 --- - 101 0 $apor 135 $aur|n||||||||| 181 $ctxt$2rdacontent 182 $cc$2rdamedia 183 $acr$2rdacarrier 200 00$aAbehache $erevista da Associação Brasileira de Hispanistas 210 1$a[São Paulo] :$cAssociação Brasileira de Hispanistas,$d[2011]- 517 1 $aRevista abehache 606 $aCivilization, Hispanic$vPeriodicals 606 $aCivilisation hispanique$vPériodiques 608 $aElectronic journals. 608 $aPeriodicals.$2fast 615 0$aCivilization, Hispanic 615 6$aCivilisation hispanique 712 02$aAssociação Brasileira de Hispanistas, 906 $aJOURNAL 912 $a9910447056203321 996 $aAbehache$92806220 997 $aUNINA LEADER 00994nam a2200301 i 4500 001 991001051829707536 005 20020507182327.0 008 960517s1979 de ||| | ger 020 $a3540092331 035 $ab10794256-39ule_inst 035 $aLE01306284$9ExL 040 $aDip.to Matematica$beng 082 0 $a512.33 084 $aAMS 14-03 084 $aAMS 14N10 100 1 $aSchubert, Hermann$058498 245 10$aKalkul der abzahlenden geometrie /$cHermann Schubert 260 $aBerlin :$bSpringer-Verlag,$c1979 300 $a348 p. ;$c25 cm. 500 $aReprint 650 4$aAlgebraic geometry-history 650 4$aEnunerative problems 907 $a.b10794256$b21-09-06$c28-06-02 912 $a991001051829707536 945 $aLE013 14-XX SCH11 (1979)$g1$i2013000047928$lle013$o-$pE0.00$q-$rl$s- $t0$u0$v0$w0$x0$y.i10895498$z28-06-02 996 $aKalkul der Abzahlenden Geometrie$9384414 997 $aUNISALENTO 998 $ale013$b01-01-96$cm$da $e-$fger$gde $h0$i1 LEADER 01718oam 2200457Ia 450 001 9910702126503321 005 20121029110747.0 035 $a(CKB)5470000002424876 035 $a(OCoLC)756837260 035 $a(EXLCZ)995470000002424876 100 $a20111013d2011 ua 0 101 0 $aeng 135 $aurbn||||||||| 181 $ctxt$2rdacontent 182 $cc$2rdamedia 183 $acr$2rdacarrier 200 10$aEvaluating media interventions in conflict countries$b[electronic resource] $etoward developing common principles and a community of practice /$fAmelia Arsenault, Sheldon Himelfarb, and Susan Abbott 210 1$aWashington, D.C. :$cU.S. Institute of Peace,$d2011. 215 $a1 online resource (35 pages) $cillustrations 225 1 $aPeaceworks ;$vno. 77 300 $aTitle from title screen (viewed on Oct. 13, 2011). 300 $a"October 2011"--P. [1]. 320 $aIncludes bibliographical references (pages 33-35). 517 $aEvaluating media interventions in conflict countries 606 $aWar$xPress coverage$xEvaluation 606 $aWar in mass media$xEvaluation 606 $aEmbedded war correspondents$xEvaluation 615 0$aWar$xPress coverage$xEvaluation. 615 0$aWar in mass media$xEvaluation. 615 0$aEmbedded war correspondents$xEvaluation. 700 $aArsenault$b Amelia$01416216 701 $aHimelfarb$b Sheldon$01401769 701 $aAbbott$b Susan$f1973-$01416217 712 02$aUnited States Institute of Peace. 801 0$bAWC 801 1$bAWC 801 2$bGPO 906 $aBOOK 912 $a9910702126503321 996 $aEvaluating media interventions in conflict countries$93520884 997 $aUNINA LEADER 02108nas 2200697-a 450 001 9910142364903321 005 20260218112722.0 035 $a(CKB)954926996195 035 $a(CONSER)---91660125- 035 $a(DE-599)ZDB2258256-3 035 $a(DE-599)2258256-3 035 $a(EXLCZ)99954926996195 100 $a19900717b19911999 --- a 101 0 $aeng 181 $ctxt$2rdacontent 182 $cc$2rdamedia 183 $acr$2rdacarrier 200 00$aCells and materials 210 $aChicago $cScanning Microscopy International$d©1991-©1999 215 $a1 online resource 300 $aTitle from cover. 300 $aVol. 8 (1998) available only online. 300 $aRefereed/Peer-reviewed 311 08$aPrint version: Cells and materials. 1051-6794 (DLC) 91660125 (OCoLC)22055813 531 $aCELLS MAT 531 $aCELL MATER 531 $aCELLS MATER 531 0 $aCells mater. 606 $aBiomedical materials$vPeriodicals 606 $aBiocompatibility$vPeriodicals 606 $aCell adhesion$vPeriodicals 606 $aCytology$vPeriodicals 606 $aBiocompatibility$2fast$3(OCoLC)fst00831998 606 $aBiomedical materials$2fast$3(OCoLC)fst00832586 606 $aCell adhesion$2fast$3(OCoLC)fst00850164 606 $aCytology$2fast$3(OCoLC)fst00886282 606 $aCancel List$xFY 1998 606 $aBiocompatible Materials 606 $aCells 606 $aTissue Transplantation 608 $aPeriodicals.$2fast 608 $aPeriodical. 615 0$aBiomedical materials 615 0$aBiocompatibility 615 0$aCell adhesion 615 0$aCytology 615 7$aBiocompatibility. 615 7$aBiomedical materials. 615 7$aCell adhesion. 615 7$aCytology. 615 4$aCancel List$xFY 1998. 615 2$aBiocompatible Materials. 615 2$aCells. 615 2$aTissue Transplantation. 676 $a610/.28 676 $a502 906 $aJOURNAL 912 $a9910142364903321 920 $aexl_impl conversion 996 $aCells and materials$91980060 997 $aUNINA